[Event "Bundesliga 0607"]
[Site "Germany"]
[Date "2006.10.29"]
[Round "2.2"]
[White "Areshchenko, Alexander"]
[Black "Khenkin, Igor"]
[Result "1-0"]
[WhiteElo "2640"]
[BlackElo "2620"]
[Annotator "Areshchenko/Meyer,CD"]
[PlyCount "45"]
[EventDate "2006.10.28"]
[EventType "team-tourn"]
[EventRounds "15"]
[EventCountry "GER"]
[SourceTitle "CBM 116"]
[Source "ChessBase"]
[SourceDate "2007.02.01"]
[SourceVersion "1"]
[SourceVersionDate "2007.02.01"]
[SourceQuality "1"]
[WhiteTeam "Werder Bremen"]
[BlackTeam "Tegernsee"]
[WhiteTeamCountry "GER"]
[BlackTeamCountry "GER"]

1. e4 c6 2. d4 d5 3. e5 c5 4. dxc5 Nc6 (4... e6 {[Danach hat Weiß ein
Mehrtempo gegenüber der (harmlosen) französischen Vorstoßvariante 1.e4 e6 2.d4
d5 3.e5 c5 4.dxc5.]} 5. a3 $5 (5. Be3 Nh6 (5... Qc7 6. Nf3 Bxc5 7. Bxc5 Qxc5 8.
c3 Ne7 9. Bd3) 6. Nf3 $13 (6. c3 Nf5 7. Bd4 Nxd4 8. cxd4 b6 $1)) (5. Nf3 Bxc5
6. Bd3 Nc6 7. O-O f6 $5 $13) 5... Nc6 (5... Bxc5 6. Qg4 $1) 6. Nf3 Bxc5 7. b4
Bb6 8. b5 (8. Bd3) (8. Bb2) 8... Nb8 (8... Nce7 9. Bd3 Ng6 10. O-O N8e7 $13) 9.
Bd3 Nd7 10. O-O Ne7 11. a4 $5 (11. Bf4 $2 Ng6 12. Bg3 Nc5 13. Nbd2 Nxd3 14.
cxd3 a6 $15) 11... Ng6 12. Qe1 $1 Qc7 13. a5 Bc5 14. Bb2 $14 {Dautov/CBM}) 5.
Bb5 e6 6. Be3 Nge7 7. c3 {Weiß möchte seinen Läufer auf d4 parken und den
Mehrbauern festhalten.} Nf5 ({Vielleicht ist diese schematische Fortsetzung zu
sorglos? Zweischneidiges und scharfes Spiel ergibt die Alternative} 7... Bd7 $5
{nach} 8. Bxc6 Nxc6 $5 (8... Bxc6 9. Nf3 Nf5 10. Bd4 {ist Zugumstellung zur
Hauptpartie}) 9. f4 g5 $1 {und nun:} 10. fxg5 (10. Nf3 gxf4 11. Bxf4 Bxc5 12.
Nbd2 Qb6 13. Nb3 Bf2+ 14. Ke2 Na5 15. Nxa5 Bb5+ 16. Kd2 d4 $1 $44 {0:1/23,
David,A - Khenkin,I, Genf 1996/ECO-B3}) 10... h6 $5 ({Eine interessante
Gambit-Idee des englischen Großmeisters Keith Arkell, um Druck auf der h- und
g-Linie zu erhalten. Schlechter ist dagegen} 10... Nxe5 $6 11. Nf3 $1 Nxf3+ 12.
Qxf3 Bg7 (12... Qc7 13. O-O O-O-O $14 {J. Bosch/ECO-B3}) 13. O-O O-O 14. Nd2
$14 {J. Gallagher}) 11. Nf3 (11. gxh6 $2 Bxh6 12. Qe2 Qh4+ 13. Kf1 $2 (13. Kd1)
13... Bxe3 14. Qxe3 Nxe5 $3 $19 15. Na3 Ng4 16. Qd2 Nxh2+ 17. Ke2 Qg4+ 18. Ke1
Nf3+ {0:1, Greet - Arkell, Brit. Meisterschaft 2000}) 11... Qc7 $5 {(meines
Erachtens stärker als das Schlagen auf g5)} ({Nach} 11... hxg5 $6 12. Bxg5 Be7
13. Bxe7 Qxe7 14. Qe2 Qxc5 15. Nbd2 {hat Schwarz keine ausreichende
Kompensation für den Bauern:} O-O-O (15... Rc8 16. Nb3 Qf8 17. O-O-O b5 18.
Qxb5 $2 (18. Kb1 $16) 18... Nxe5 19. Qe2 Nxf3 20. Qxf3 (20. gxf3) 20... Qh6+
21. Kb1 $6 (21. Rd2) 21... Qh5 22. g4 Qh3 $6 23. Rdf1 $2 (23. Qf4) 23... Qxf3
24. Rxf3 Ke7 $14 {Eynon,D - Arkell,K, Perth 1998}) 16. O-O-O Rdg8 17. Nb3 Qc4
$2 (17... Qf8 18. Rhf1 $16) 18. Qxc4 dxc4 19. Nc5 $18 Be8 20. Rd2 Rg4 {1:0,
Zezulkin,J - Kolosowski,P, Ustron 2003}) 12. Qe2 (12. g6 $5 fxg6 13. Bd4 {
mag etwas besser für Weiß sein.}) 12... Nxe5 $13 {Romanov,E - Lovkov,R, St.
Petersburg 2005}) 8. Bd4 Bd7 9. Bxc6 Bxc6 10. Nf3 Nxd4 ({Möglicherweise ist
Schwarz mit einer der folgenden Alternativen besser beraten: I} 10... a5 {
erschwert das Anschweißen b4:} 11. O-O (11. b4 $6 axb4 12. cxb4 b6 $1 13. O-O (
13. cxb6 $2 Bxb4+ 14. Nc3 Ra3 $17) 13... Nxd4 $5 (13... bxc5 14. Bxc5 Bxc5 15.
bxc5) 14. Nxd4 (14. Qxd4 bxc5 15. bxc5 Ra4) 14... Ba4 15. Qg4 bxc5 16. bxc5 h5
17. Qf4 (17. Qg3 Bxc5 18. Qxg7 Bxd4) 17... Bxc5) (11. a4 Nxd4 12. Qxd4 Be7 13.
b4 O-O 14. O-O Qc7 15. Qe3 Bd7 16. Nbd2 axb4 17. cxb4 Bxa4 18. Rfc1 Rfc8 19. h4
Bd7 20. Nb3 Ra4 $13 {Kotronias - Svetushkin, Chalkidike 2002}) 11... Nxd4 12.
cxd4 (12. Qxd4 a4 $1 13. Nbd2 Ra5 14. b4 axb3 15. Nxb3 Ra4 16. Qd2 Qc7 17. Nfd4
$5 (17. Rfe1 $13) 17... Qxe5 18. f4 Qf6 19. Rae1 Be7 20. Qe2 $13 {Blehm -
Svetushkin, Eriwan 2000}) 12... b6 13. cxb6 Qxb6 14. Nc3 Qxb2 15. Rb1 Qxc3 16.
Rc1 Qb2 17. Rxc6 Be7 18. Rc7 a4 19. Qc1 Qb5 20. Qf4 Qb4 21. Rfc1 $14 {Volkmann,
F - Svetushkin,D, Bled 2002. Zwar hat Schwarz den Bauern zurückerobert, aber
dafür die Initative an den Gegner abgetreten}) ({II} 10... Qc7 {(!?, Z. Almasi)
:} 11. O-O (11. b4 b6 $1 $132) (11. a4 b6 (11... Bd7 12. O-O (12. b4 b6 13.
cxb6 axb6 14. O-O Nxd4 15. Nxd4 Qxe5 16. Re1 $13) 12... Bxc5 13. Bxc5 Qxc5 14.
Nbd2 (14. Nd4 $2 Nxd4 15. cxd4 Qb4 {0:1/28, Plich,A - Cyborowski,L, Krynica
1998}) 14... O-O $140 15. Nb3 Qb6 16. a5 Qb5 17. Qc2 Qc4 18. Nbd4 Nxd4 19. Nxd4
$14) 12. cxb6 axb6 13. Nbd2 (13. O-O b5) 13... Nxd4 14. cxd4 b5 15. a5 Rxa5 16.
Rxa5 Qxa5 17. O-O {/\Nb3-c5 mit minimalem weißem Vorteil}) 11... Bb5 (11... Be7
12. Re1 (12. Qd3) 12... O-O 13. Qd3 Bd7 14. Nbd2 $14) 12. Re1 Bxc5 13. a4 $1 (
13. Bxc5 Qxc5 14. Nbd2 Bc4) 13... Bxd4 14. Nxd4 Nxd4 15. Qxd4 Ba6 16. Nd2 $14)
11. Qxd4 $1 ({Nach} 11. cxd4 $2 b6 $1 12. cxb6 (12. b4 a5) 12... Qxb6 $44 {
|^ bekäme Schwarz aufgrund seines Entwicklungsvorsprungs und Läuferpaars
prächtige Kompensation für den Bauern:} 13. Qc2 (13. Qc1 Bb5 $1 (13... Rb8 $2
14. O-O $1) 14. Nc3 Rc8 {'©' Lukacs/CBM}) (13. Qd2 $2 Rb8 $1 14. b3 $2 Bb4 15.
Nc3 Bb5 {'-/+' Lukacs/CBM}) (13. Qb3 Qa6) 13... Bb4+ 14. Nc3 Bb5 15. a3 (15.
Qb3 a5 16. a3 Bxc3+ 17. bxc3 Qc6 18. Rb1 Bd3 19. Rd1 Ba6) 15... Qa6 16. Rc1
Bxc3+ 17. Qxc3 O-O) 11... a5 $6 ({I} 11... Qa5 $6 12. b4 Qa6 13. a4 b6 14. Qf4
$1 Rb8 (14... d4 {(so weit Movsesian - Svetushkin,Calvio ol 2004) löst eine
Lawine von Komplikationen aus, z.B.} 15. cxb6 $5 (15. b5 Bxb5 16. Ng5 O-O-O 17.
Nxf7 Bxc5 18. Nxh8 Rxh8 19. cxd4 Bb4+ 20. Nd2 Kb8 $5 $132 {^^}) 15... axb6 (
15... dxc3 $2 16. b5 $1 Bxb5 17. Ng5 $18) 16. Nxd4 $1 (16. Qxd4 Be7 (16... Rd8
$6 17. Qe3) 17. Qe3 O-O 18. Nbd2 Rfc8 $13) 16... Qc4 (16... Bxg2 $2 17. Rg1 Bd5
18. Nb5 $3 Qb7 19. Rxg7 $18) 17. f3 $5 ({oder auch} 17. Nd2 $5 Qxc3 18. O-O g5
19. Ne4 $1 gxf4 20. Nxc3 Bb7 21. Ncb5 Rg8 22. g3 Rd8 23. a5 Bxb4 24. a6 Bd5 25.
Rfd1 fxg3 26. hxg3 $16 {/\} Ke7 27. Na7 $1) 17... Bxa4 (17... Rxa4 18. Rxa4
Bxa4 19. Qe4 $16) 18. Qe4 Ra6 19. Kf2 $16) (14... bxc5 $2 15. Ng5 $1 Qb7 16. b5
$18) 15. cxb6 (15. Ng5 Rb7) 15... axb6 16. Nd4 Bd7 17. b5 Qc8 (17... Qa5 18.
O-O Rc8 19. Rc1 (19. Qg3) 19... Be7 20. Qe3 O-O 21. Nd2 $16) 18. O-O Be7 19.
Qe3 O-O 20. Nd2 Ra8 21. N4b3 Qb8 22. c4 $16 {1:0/38, Brkic,A - Armanda,I,
Bizovac 2004, ist die Stammpartie mit 14.Qf4!.}) ({II} 11... Qc7 $5 {
Vielleicht die beste Chance. Einmal mehr ist dieser Damenzug zu prüfen, da
Schwarz hier dem Ausgleich nahe kommt. Allerdings sind die Erfahrungen in dem
blockierten, zählebigen Stellungstyp nicht ermutigend.} 12. b4 (12. Nbd2 Be7
13. b4 b6 14. cxb6 axb6 15. O-O O-O 16. Rfc1 (16. Rfe1 $6 Ra4 17. a3 Bb5 18.
Ra2 Bc4 $2 (18... Rfa8 $132) 19. Nxc4 dxc4 20. Qe4 Rd8 21. Nd4 $16 {1:0/45,
Holmsten,A - Maki Uuro,M, Helsinki 2001}) (16. a3 Rfc8 17. Rfc1 b5 18. Qe3 Be8
19. Nd4 Ra4 20. f4 Rca8 21. Nb1 $14) 16... Bb5 (16... Ra4 {/\Rfa8}) 17. Qe3
Rfc8 18. Nd4 Bd7 19. a3 b5 20. f4 Ra6 21. N2b3 Qa7 22. Qf2 Ra8 23. g3 Qc7 24.
Qb2 $13 {1:0/39, Ponomariov,R - Popov,R, Krasnodar 1997}) 12... b6 13. cxb6
axb6 14. O-O (14. Qe3 Bb5 15. Nd4 Bc4 16. Nd2 $14) 14... Be7 15. Rc1 O-O 16. a3
Ra4 $6 (16... b5 $5) 17. c4 Qa7 18. cxd5 Bxd5 19. Nc3 Rxa3 20. Nxd5 exd5 21.
Rab1 $14 {Moranda,W - Urban,K, Poznan 2005}) 12. b4 $1 $16 {Nun bekommt Weiß
die Position in den Griff und behauptet einen gesunden Mehrbauern.} axb4 ({
Oder: I} 12... Be7 13. O-O O-O 14. Nbd2 (14. a3) 14... Bb5 (14... Qc7 15. a3
Ra6 16. c4 $5 $16) 15. Rfc1 axb4 16. cxb4 Ra4 17. a3 Qa8 18. Qe3 $16) ({II} 
12... Bb5 13. Na3 $1 (13. a4 axb4 14. cxb4 Rxa4 15. Rxa4 Bxa4 16. Nc3 Bc6 17.
O-O $14) 13... Bd7 14. Nc2 axb4 15. cxb4 Bb5 16. Qc3 b6 17. a4 $1 Bxa4 (17...
Bc4 18. Nd2 bxc5 19. b5) 18. c6 Qc7 (18... Bxc2 $2 19. c7 $1 Rxa1+ 20. Kd2 $18)
19. Ncd4 $16) 13. cxb4 b6 ({Statt des eher konzessiven} 13... Be7 {und z.B.}
14. O-O O-O 15. a3 f6 16. Nc3 Qc7 17. Rfe1 $16 {(17.a4+/-) gießt Schwarz Öl
ins Feuer.}) 14. cxb6 Ra4 15. a3 Qa8 (15... Bb5 $2 16. Nfd2 $1 Qa8 17. Nc3 Rxb4
18. b7 $1 $18 {1:0, Almasi,Z - De la Villa, J, Pamplona 1996/97}) 16. O-O $1
Bxb4 17. axb4 $1 ({Des Pudels Kern! Durch ein Qualitätsopfer erhält der
Anziehende ein nachhaltiges Druckspiel über die dunklen Felder und hält den
gegnerischen Monarchen in der Mitte fest. Auch nicht von Pappe ist} 17. Nc3 $5
Bxc3 (17... Rxa3 18. Nb5 $1 (18. b7 $2 Qxb7 19. Rab1 Bxc3 20. Rxb7 Bxd4 21.
Rb8+ Ke7 22. Rxh8 $14) 18... Bxb5 19. b7 {1:0, Palac,M - Sulava,N, Kastel
Stari 1997} Qxb7 20. Qxb4 Rxa1 21. Rxa1 $18 Bc6 22. Qd6 Qd7 (22... Bd7 23. Nd4)
23. Qc5 Bb7 24. Ra7) 18. Qxc3 O-O 19. Rfc1 $16) 17... Rxa1 18. Qc5 $1 f6 $2 ({
I Beschleunigt den Untergang, aber Schwarz kämpft bereits für eine verlorene
Sache, wie die folgenden Varianten versuchen zu belegen:} 18... Bb7 $2 19. Rc1
$1 Qc8 (19... Qd8 20. Nd4 Qe7 21. Nb3 $1 Qxc5 22. Nxc5 Bc8 23. b7 Bxb7 24. Nxb7
Ke7 25. Nc5 $18) 20. Qxc8+ Bxc8 21. Rxc8+ Kd7 22. Rc7+ Kd8 23. Nfd2 $18) ({II} 
18... Bd7 $2 19. Nd4 Qc8 20. Qd6 Ra8 21. Nc3 (21. b5 $1 Qb8 (21... Rb8 22. Nc3
$1 Rb7 23. Na4 Qb8 24. Qc5 $18) 22. Qc5) 21... Qb8 (21... Qxc3 22. b7 Rd8 23.
b8=Q Rxb8 24. Qxb8+ Qc8 25. Qd6 $18) 22. b7 Qxb7 23. Nf5 $3 exf5 24. Nxd5 $18)
({III} 18... d4 $2 19. Nxd4 Bxg2 20. Rc1 Be4 (20... Bh1 21. Qc8+ Qxc8 22. Rxc8+
Kd7 23. Rc7+ Ke8 24. Kxh1 Rxb1+ 25. Kg2 $18) 21. Nb5 Qc6 22. Nd6+ Kd7 23. Nxe4
$18) ({IV} 18... Qb7 $5 {(am zähesten)} 19. b5 (19. Rc1 Bd7 20. b5 {siehe 19.b5
} (20. Qd6 $2 Qc6 $1) (20. Nd4 $5 f6 21. exf6 gxf6 22. Qd6 Kf7 23. Nb3 Rc8 24.
Re1)) 19... Bd7 20. Rc1 (20. Nd4 f6 21. exf6 gxf6 22. Qd6 Kf7 23. Nb3 $1 Bxb5
24. Re1 Qc6 25. Qxc6 Bxc6 26. Nxa1 Rb8 27. f4 Rxb6 28. Nc2 $16) 20... f6 (20...
Ra8 {/Ra4} 21. Nd4 $1) 21. Qd4 Ra8 22. Rc7 Rc8 23. Qc5 Rxc7 24. bxc7 Kf7 25.
Nc3 Ra8 26. h4 Ra7 27. b6 Ra6 28. Nb5 Rxb6 29. Nd6+ Rxd6 30. Qxd6 $18 {(} Qc8
31. Nd4 h5 32. exf6 gxf6 33. f4 Qe8 34. f5 exf5 35. Qxd5+ Kg6 36. Kf2 f4 37.
Ne2 {)}) 19. Nd4 $18 Bd7 20. exf6 gxf6 21. Qd6 Qc8 (21... Qb7 22. Nf5 $1 exf5 (
22... Bc8 23. Rc1) 23. Qxf6) 22. Nf5 $1 $18 {In jedem Fall der Fangschuß} exf5
(22... Kf7 23. Qe7+ Kg6 24. Nh4+) 23. Qxf6 1-0

[Event "Dortmund SuperGM 41st"]
[Site "Dortmund"]
[Date "2013.07.30"]
[Round "5"]
[White "Andreikin, Dmitry"]
[Black "Khenkin, Igor"]
[Result "1-0"]
[WhiteElo "2727"]
[BlackElo "2605"]
[Annotator "Pavlovic,M"]
[PlyCount "53"]
[EventDate "2013.07.26"]
[EventType "tourn"]
[EventRounds "9"]
[EventCountry "GER"]
[EventCategory "19"]
[SourceTitle "CBM 156"]
[Source "ChessBase"]
[SourceDate "2013.09.17"]
[SourceVersion "1"]
[SourceVersionDate "2013.09.17"]
[SourceQuality "1"]

1. e4 c6 2. d4 d5 3. e5 c5 $5 {This move is a such an important idea against
the plan with the advanced e5; but it didn't make through to become a main
idea, but some recent developments may have thrown new light on the system.} 4.
Nf3 cxd4 {The alternative is also important, it was just tested in the World
Cup:} (4... Bg4 5. dxc5 Nc6 6. c3 e6 7. Be3 Nge7 8. Nbd2 g6 $5 9. Bf4 Nf5 10.
b4 g5 11. Bxg5 Qxg5 12. Nxg5 Bxd1 13. Rxd1 a5 14. Bd3 Nh4 15. g3 Ng6 16. f4
axb4 17. cxb4 Be7 $132 18. Bb5 Bxg5 19. fxg5 O-O 20. Bxc6 {1/2-1/2 (20)
Svidler,P (2746)-Andreikin,D (2716) Tromso NOR 2013. Black was fine in this
rather interesting struggle.}) 5. Qxd4 $5 {A relatively new idea, the main
idea is the alternative capture:} (5. Nxd4 Nc6 6. c4 e6 7. Nc3 Bc5 {again
something that I have used:} 8. Nxc6 bxc6 9. cxd5 cxd5 10. b4 $5 (10. Bd3 Ne7
11. O-O Ng6 12. Na4 Be7 13. Bxg6 hxg6 14. Be3 Ba6 15. Re1 O-O 16. Nc5 Qc8 17.
Rc1 Bc4 18. Na4 Qa6 $13 {1/2-1/2 (23) Nisipeanu,L (2667)-Khenkin,I (2601)
Ortisei ITA 2013}) 10... Bb6 (10... Bf8 $5 11. Be3 Bd7 12. a3 Ne7 13. f4 Nf5
14. Bf2 a5 $132) 11. Nb5 Bc7 12. Bb2 Ne7 13. Bd3 a6 14. Nxc7+ Qxc7 15. O-O Bd7
16. Qg4 O-O 17. Rfc1 Qd8 18. a4 $14 {1-0 (37) Naiditsch,A (2710)-Khenkin,I 
(2605) Dortmund GER 2013}) 5... Nc6 6. Qf4 e6 (6... h6 7. h4 g5 (7... e6 8. a3
Nge7 9. Bd3 Qc7 10. Nc3 a6 11. Qg3 g6 12. Bf4 Bg7 13. O-O Bd7 14. Rfe1 O-O-O
15. b4 d4 16. Ne4 Nf5 17. Nd6+ Qxd6 18. Bxf5 Qc7 19. Bd3 $16 {1-0 (60)
Sharapov,E (2468)-Jakubiec,A (2547) Cracow POL 2011}) 8. hxg5 hxg5 9. Nxg5 Rxh1
10. Qxf7+ Kd7 11. e6+ Kc7 12. Bf4+ Kb6 13. Qxg8 Bh6 14. Qg6 Bxg5 15. Qxg5 Bxe6
16. Nc3 a6 17. Qg3 Ka7 $2 (17... Rc8 $1 18. Qe3+ d4 19. Qxe6 dxc3 20. Be3+ Kc7
21. Bf4+ $11) 18. Bc7 $1 Qxc7 19. Qxc7 d4 20. Na4 Rc8 21. Qb6+ Ka8 22. Nc5 {
1-0 (22) Zhigalko,S (2689)-Kovchan,A (2554) Konya TUR 2011}) 7. Bd3 Nb4 $1 (
7... Nge7 8. O-O Ng6 9. Qg3 Be7 10. Nc3 Bd7 11. Nb5 O-O (11... a6 12. Nd6+ Bxd6
13. exd6 {[%cal Gh2h4]} O-O 14. h4 $36) 12. c3 a6 13. Nbd4 Nxd4 14. Nxd4 Bh4
15. Qe3 Be7 16. Re1 (16. Qh3 $5) 16... Qc7 17. g3 Bc5 18. f4 Rae8 19. Qe2 f6
20. Kg2 fxe5 21. fxe5 $13 {1/2-1/2 (40) Tolstik,A (2369)-Fister,B (2347) ICCF
2012}) 8. O-O Nxd3 9. cxd3 Ne7 10. Nc3 Ng6 11. Qg3 Be7 12. Ne2 O-O 13. Nf4 Bd7
14. Be3 Rc8 {After the elimination of the light-squared bishop I don't see a
single problem for Black here.} 15. a3 a5 16. Rfc1 Rxc1+ 17. Rxc1 Qb8 18. h4
Nxe5 $4 (18... Nxf4 19. Bxf4 Rc8 $11 {Black is fine.}) 19. Nxe5 Qxe5 20. Ng6 $1
Qf6 21. Nxf8 Bxf8 22. Rc7 $18 Bc6 23. Rc8 Qe7 24. b4 axb4 25. axb4 Qxb4 26. Bh6
Kh8 27. Qxg7# 1-0

[Event "Dortmund SuperGM 41st"]
[Site "Dortmund"]
[Date "2013.08.04"]
[Round "9"]
[White "Naiditsch, Arkadij"]
[Black "Khenkin, Igor"]
[Result "1-0"]
[WhiteElo "2710"]
[BlackElo "2605"]
[Annotator "Postny,E"]
[PlyCount "73"]
[EventDate "2013.07.26"]
[EventType "tourn"]
[EventRounds "9"]
[EventCountry "GER"]
[EventCategory "19"]
[SourceTitle "CBM 156"]
[Source "ChessBase"]
[SourceDate "2013.09.17"]
[SourceVersion "1"]
[SourceVersionDate "2013.09.17"]
[SourceQuality "1"]

1. e4 {Sumets,A} c6 2. d4 d5 3. e5 c5 {This line is Khenkin's speciality.} 4.
Nf3 cxd4 (4... Nc6 5. c4 cxd4 6. Nxd4 {is another possible order of moves to
reach the same position as in the current game.}) 5. Nxd4 {A few rounds ago
Igor achieved a satisfactory position against Andreikin, so he didn't mind
repeating.} ({Dmitry Andreikin preferred} 5. Qxd4 $5 {Sumets,A} Nc6 6. Qf4 e6 (
6... h6 7. h4 g5 $6 {Very risky} 8. hxg5 $1 hxg5 9. Nxg5 Rxh1 10. Qxf7+ Kd7 11.
e6+ Kc7 12. Bf4+ Kb6 13. Qxg8 Bh6 14. Qg6 Bxg5 15. Qxg5 Bxe6 16. Nc3 $16 a6 17.
Qg3 Ka7 18. Bc7 Qxc7 19. Qxc7 d4 20. Na4 Rc8 21. Qb6+ Ka8 22. Nc5 {1-0 (22)
Zhigalko,S (2689)-Kovchan,A (2554) Konya 2011}) 7. Bd3 Nb4 8. O-O Nxd3 9. cxd3
Ne7 10. Nc3 Ng6 11. Qg3 Be7 12. Ne2 O-O 13. Nf4 Bd7 14. Be3 Rc8 15. a3 a5 16.
Rfc1 Rxc1+ 17. Rxc1 Qb8 18. h4 Nxe5 $4 (18... Rc8 19. Rxc8+ Qxc8 {Black has
nothing to worry about}) 19. Nxe5 Qxe5 20. Ng6 $18 Qf6 21. Nxf8 Bxf8 22. Rc7
Bc6 23. Rc8 Qe7 24. b4 axb4 25. axb4 Qxb4 26. Bh6 Kh8 27. Qxg7# {1-0 (27)
Andreikin,D (2727) -Khenkin,I (2605) Dortmund GER 2013. The result of the game
has nothing to do with the opening.}) 5... Nc6 6. c4 e6 7. Nc3 Bc5 8. Nxc6 bxc6
9. cxd5 {Khenkin had already played this position twice this year, so
Naiditsch came well prepared.} (9. Bd3 Ne7 ({An immediate queen swap} 9... dxc4
{looks like an improvement for Black.} 10. Bxc4 Qxd1+ 11. Nxd1 Bd4 12. f4 Ne7
$11 {[%cal Gc6c5,Gc8b7]}) 10. O-O Ng6 11. Na4 Be7 12. f4 Ba6 13. Be3 dxc4 14.
Be4 O-O 15. Qxd8 Rfxd8 16. Rfd1 $14 {0-1 (40) Balogh,C (2664)-Khenkin,I (2655)
Germany 2013}) (9. Qg4 {Sumets,A According to theory the main line} Kf8 $6 (
9... Ne7 $5 10. Qxg7 Ng6 (10... Rg8 $6 11. Qxh7 Qb6 12. Qc2 Ng6 13. Na4 $16)
11. Be2 Bf8 12. Qf6 Be7 13. Qf3 Nxe5 14. Qg3 Ng6 15. O-O Bd6 $13) 10. Bd3 Ne7
11. O-O Ng6 12. Re1 Qh4 13. Qxh4 Nxh4 14. Bd2 Ng6 15. Na4 Be7 16. cxd5 cxd5 17.
Rac1 $16 f6 18. exf6 gxf6 19. Rc7 Ne5 20. Bb5 Rg8 21. Re3 Rb8 22. Rb3 Rg6 23.
Be2 Ra8 24. Bh5 Bd7 25. Bxg6 Bxa4 26. Bh6+ {1-0 (26) Najer,E (2653)-Yevseev,D 
(2580) Sochi 2006}) 9... cxd5 (9... exd5 10. Bd3 Ne7 11. O-O Bf5 12. Na4 Bd4
13. Bf4 O-O 14. Rc1 $14 {1/2-1/2 (30) Leupold,V (2547)-Solzbacher,K (2483)
ICCF email 2008}) 10. b4 $1 $146 {This novelty is, obviously, home preparation,
and poses a problem for the second player.} (10. Bd3 $6 Ne7 11. O-O Ng6 12. Na4
Be7 13. Bxg6 hxg6 14. Be3 Ba6 15. Re1 O-O $11 {1/2-1/2 (23) Nisipeanu,L (2667)
-Khenkin,I (2601) Ortisei 2013}) 10... Bb6 $6 ({In the event of} 10... Be7 {
Black won't have a good square to which to develop his knight.} 11. Rb1 $1 {
Sumets,A I don't see how Black can castle.} Bd7 (11... Nh6 12. Bxh6 gxh6 13.
Bb5+ Bd7 14. O-O $16) 12. Be2 $1 (12. Bd3 $2 Qc7) 12... Qc7 $6 13. Nb5 Qxe5 14.
Bb2 Qe4 15. O-O $16) 11. Nb5 Bc7 $6 {After this White's advantage is
undisputable. If Igor and his followers want to continue to play this line,
then the risky 11...Qh4 should be chosen. Another option is to look for an
improvement a few moves earlier.} (11... Qh4 $1 12. Qf3 (12. Nd6+ Ke7 (12...
Kf8 $2 13. Qf3 f6 14. Bf4 $18) 13. Qf3 $6 (13. Qd2 Qd4 $1 {The exchange of
queens favours Black.} 14. Bb2 Qxd2+ 15. Kxd2 Nh6 {with decent play for Black.}
) 13... f6 14. Bf4 $140 $2 fxe5 15. Bxe5 {Now we can see the difference
between 12...Ke7 and 12...Kf8 - White recaptures on e5 without check.} Qxb4+
$17) 12... f6 (12... Qxb4+ $6 13. Bd2 Qe4+ 14. Qxe4 dxe4 15. Nd6+ Kf8 16. Bb5
$36) 13. Ba3 $5 Nh6 14. Nd6+ Kf8 15. exf6 Qxf6 16. Qxf6+ gxf6 $13) 12. Bb2 Ne7
13. Bd3 a6 (13... O-O 14. Qc2 $16 {[%csl Rc7,Rh7]}) 14. Nxc7+ Qxc7 15. O-O {
White is clearly better. He has the bishop pair and a pawn majority on the
queenside.} Bd7 16. Qg4 ({I would prefer} 16. a4 $16) 16... O-O 17. Rfc1 (17.
Bxh7+ $6 {would win a pawn, but sell a big part of white's advantage.} {After}
Kxh7 18. Qh4+ Kg8 19. Qxe7 Qc2 {Black gets reasonable chances to hold thanks
to the opposite coloured bishops.}) 17... Qd8 $6 (17... Qb7 18. Bxh7+ Kxh7 19.
Qh4+ Kg8 20. Qxe7 {is a worse version of the position from the previous
commentary. Still here Black has more chances to escape than in the game.}) 18.
a4 {White's play is very smooth. Meanwhile, it's difficult to propose a
reasonable plan for Black, his pieces are very passive.} Ng6 19. Rc5 Qb8 20.
Qd4 Rc8 $6 (20... Ne7 {would be slightly more resistant.}) 21. Ra5 (21. Rxd5 $1
{was a nice, hidden piece of tactics that both players had overlooked.} Bxa4 (
21... exd5 22. e6 {[%cal Gd4g7]} f6 23. exd7 Rd8 24. Qxd5+ Kh8 25. Bxg6 hxg6
26. Ra3 $1 $18 {[%cal Ga3h3]}) 22. Rd6 Bb5 23. Be4 Ra7 24. Rb6 Qc7 25. Rxb5 $18
) 21... Qb7 22. g3 h6 23. b5 axb5 24. axb5 Rxa5 25. Rxa5 {White has an
overwhelming position.} Ra8 26. Ra6 Qc8 27. h4 $6 (27. Ra7 {[%cal Gb5b6] would
win practically on the spot.}) 27... Rb8 28. b6 Qc6 (28... Qd8 $1 {could
puzzle White for a moment. Suddenly his passed pawn is a target. Still, after}
29. Ra7 $1 Ne7 (29... Qxb6 $2 30. Qxb6 Rxb6 31. Bd4 Rb4 32. Bc5 $18 {[%csl Rd7]
}) 30. Rc7 Nc8 31. Ba3 Nxb6 32. Bd6 {White is dominating.}) 29. Ra7 Be8 30. Ra6
{Repeating moves to gain some time on the clock.} Bd7 31. h5 Nf8 32. Ba3 {
[%cal Ga3d6] This penetration is decisive.} Bc8 33. Ra7 Qxb6 {[%tqu "En","How
can White win on the spot?","","","a7f7","Finishing the game in style.",5]} 34.
Rxf7 $1 {Finishing the game in style.} Kxf7 (34... Qxd4 35. Rxf8# {is a neat
mate.}) 35. Qf4+ Ke8 36. Qxf8+ Kd7 37. Bb5+ $1 (37. Bb5+ Qxb5 (37... Kc7 38.
Qe7+ Bd7 39. Qxd7#) 38. Qd6+ Ke8 39. Qe7#) 1-0